000 00484nam a2200181Ia 4500
005 20250508150235.0
008 008 250505s9999 xx 000 0 eng d
037 _aTextual
040 _aFEDL
_beng
_cFEDL
041 _aeng
_2eng
084 _a541.2, DIE
_qFEDL
100 _aDietz David
_9316801
245 0 _aAtomic energy now and tomorrow
260 _aLondon, UK
_bWesthouse
_c1946
300 _a172p.
942 _cTEXL
_h541.2, DIE
999 _c1322582
_d1322582